Welcome to CU Library Online Public Access Catalogue (OPAC)

KNOWING JESUS (Record no. 6102)

MARC details
000 -LEADER
fixed length control field 00361nam a22001457a 4500
005 - DATE AND TIME OF LATEST TRANSACTION
control field 20250531125530.0
008 - FIXED-LENGTH DATA ELEMENTS--GENERAL INFORMATION
fixed length control field 250531b |||||||| |||| 00| 0 eng d
020 ## - INTERNATIONAL STANDARD BOOK NUMBER
International Standard Book Number 0872432025
050 ## - LIBRARY OF CONGRESS CALL NUMBER
Classification number BV4400
Item number ALI
100 ## - MAIN ENTRY--PERSONAL NAME
Personal name ALISON JAMES O.P
245 ## - TITLE STATEMENT
Title KNOWING JESUS
260 ## - PUBLICATION, DISTRIBUTION, ETC.
Place of publication, distribution, etc. ILLINOIS
Name of publisher, distributor, etc. TEMPLEGATE PUBLISHERS
Date of publication, distribution, etc. c1993
300 ## - PHYSICAL DESCRIPTION
Extent xii,114p
942 ## - ADDED ENTRY ELEMENTS (KOHA)
Source of classification or shelving scheme Library of Congress Classification
Koha item type Books
Suppress in OPAC No
999 ## -
-- 6102
-- 6102
Holdings
Withdrawn status Lost status Source of classification or shelving scheme Damaged status Not for loan Collection Home library Current library Shelving location Date acquired Total checkouts Full call number Barcode Date last seen Copy number Price effective from Koha item type
    Library of Congress Classification     Non-fiction Undergraduate Library (Christ Temple) Undergraduate Library (Christ Temple) General stacks 05/31/2025   BV4400 ALI ulct00002798 05/31/2025 1 05/31/2025 Books
© 2023-2024 Copyright: Central University Libraries. All Rights Reserved | Created by: Mahone Tech Office